Alain Bosquet: yaşamı, sanatı, şiirleri (Record no. 9883)

000 -LEADER
fixed length control field 00990nmm a2200277 a 4500
001 - CONTROL NUMBER
control field ocm000924512
003 - CONTROL NUMBER IDENTIFIER
control field TR-IsHL
005 - DATE AND TIME OF LATEST TRANSACTION
control field 20201028145315.0
008 - FIXED-LENGTH DATA ELEMENTS--GENERAL INFORMATION
fixed length control field 150110s1993 tu tur
007 - PHYSICAL DESCRIPTION FIXED FIELD--GENERAL INFORMATION
fixed length control field cr cn
020 ## - INTERNATIONAL STANDARD BOOK NUMBER
International Standard Book Number 9789757354086
035 ## - SYSTEM CONTROL NUMBER
System control number 924512
-- (N$T)
050 04 - LIBRARY OF CONGRESS CALL NUMBER
Classification number PQ2603.O628
Item number A43 1993
090 04 - LOCALLY ASSIGNED LC-TYPE CALL NUMBER (OCLC); LOCAL CALL NUMBER (RLIN)
Classification number (OCLC) (R) ; Classification number, CALL (RLIN) (NR) PQ2603.O628
Local cutter number (OCLC) ; Book number/undivided call number, CALL (RLIN) A43 1993
100 1# - MAIN ENTRY--PERSONAL NAME
Personal name Bosquet, Alain
245 10 - TITLE STATEMENT
Title Alain Bosquet: yaşamı, sanatı, şiirleri
Medium [electronic resource] /
Statement of responsibility, etc. Alain Bosquet ; çev. Abdullah Rıza Ergüven
260 ## - PUBLICATION, DISTRIBUTION, ETC.
Place of publication, distribution, etc. İstanbul :
Name of publisher, distributor, etc. Berfin Yayınları,
Date of publication, distribution, etc. 1993
300 ## - PHYSICAL DESCRIPTION
Extent 65 p.
650 #4 - SUBJECT ADDED ENTRY--TOPICAL TERM
Topical term or geographic name entry element Dil ve Edebiyat
650 #4 - SUBJECT ADDED ENTRY--TOPICAL TERM
Topical term or geographic name entry element Language and Literature
650 #0 - SUBJECT ADDED ENTRY--TOPICAL TERM
Topical term or geographic name entry element Bosquet, Alain, 1919-
General subdivision Eleştiri ve yorum
650 #0 - SUBJECT ADDED ENTRY--TOPICAL TERM
Topical term or geographic name entry element Bosquet, Alain, 1919-
General subdivision Criticism and interpretation
650 #7 - SUBJECT ADDED ENTRY--TOPICAL TERM
Topical term or geographic name entry element LITERARY COLLECTIONS / European / French
Source of heading or term bisacsh
700 1# - ADDED ENTRY--PERSONAL NAME
Personal name Ergüven, Abdullah Rıza
856 40 - ELECTRONIC LOCATION AND ACCESS
Uniform Resource Identifier <a href="http://search.ebscohost.com/login.aspx?direct=true&scope=site&db=e011xww&AN=924512">http://search.ebscohost.com/login.aspx?direct=true&scope=site&db=e011xww&AN=924512</a>
Holdings
Withdrawn status Lost status Source of classification or shelving scheme Damaged status Not for loan Collection code Permanent Location Current Location Date acquired Total Checkouts Full call number Barcode Date last seen Price effective from Koha item type
        Online   Kıbrıs Amerikan Üniversitesi Kütüphanesi / American University of Cyprus Kıbrıs Amerikan Üniversitesi Kütüphanesi / American University of Cyprus 28.10.2020   PQ2603.O628 A43 1993 924512 28.10.2020 28.10.2020 E-Kitap
Devinim Yazılım Eğitim Danışmanlık tarafından Koha'nın orjinal sürümü uyarlanarak geliştirilip kurulmuştur.